Viajes, viajeros y obra pública. Extremadura entre España y Portugal

Enregistré dans:
Détails bibliographiques
Auteur principal: Cruz Villalón, María (Auteur)
Format: Livre
Langue:espagnol
Publié: Cáceres Universidad de Extremadura 2014
Édition:1a. ed
Collection:Colección Extremadura Artística, 6
Sujets:
Tags: Ajouter un tag
Pas de tags, Soyez le premier à ajouter un tag!

MARC

LEADER 00000cam a2200000 a 4500
001 UCE6803
003 CL-VaPUC
008 150507e20140000sp |||||||||||||||||spa|d
020 |a 9788477234044 
082 0 4 |a 624  |b CRU  |2 21 
100 0 |a Cruz Villalón, María  |e author  |9 579409 
245 1 0 |a Viajes, viajeros y obra pública. Extremadura entre España y Portugal 
250 |a 1a. ed 
300 |a 330 p 
942 |c BK 
945 |d 20150507 00:22:00  |a arojas 
260 |a Cáceres  |b Universidad de Extremadura  |c 2014 
650 0 |a Obras públicas  |9 261125 
650 0 |a Ingeniería civil  |9 260076 
651 0 |a España  |9 254926 
651 7 |a PORTUGAL  |2 CL-VaPUC  |9 255007 
583 |a last modification  |c 20150507 00:22:00  |k Rodrigo Vera 
490 0 |a Colección Extremadura Artística, 6 
999 |c 358983  |d 358981 
952 |0 0  |1 0  |3 erb   |4 0  |6 624_000000000000000_CRU_2014  |7 0  |8 A  |9 467966  |a BIBHIS  |b BIBHIS  |i 5148359  |o 624 CRU 2014  |p 5148359  |r 2025-01-20  |w 2019-11-23  |y BK  |z Catalogado en:20150507  |k HIS